000 00256nam a2200109Ia 4500
008 190216s9999||||xx |||||||||||||| ||und||
100 _aLal & Jain
245 0 _aBba/Bm Entrance Exam
260 _bUpkar Prakashan
_c1997
300 _a476p
942 _cREF
999 _c36527
_d36527